书目信息 |
| 题名: |
战国争雄
|
|
| 作者: | 石莉 选编 | |
| 分册: | ||
| 出版信息: | 上海 上海教育出版社 2017 |
|
| 页数: | 143页 | |
| 开本: | 20cm | |
| 丛书名: | ||
| 单 册: | ||
| 中图分类: | K231.04 | |
| 科图分类: | ||
| 主题词: | 中国--古代史--封建社会 | |
| 电子资源: | ||
| ISBN: | 7-5444-7548-4 | |
| 000 | 00558nam0 2200193 450 | |
| 001 | 4102 | |
| 005 | 20180527215405.94 | |
| 010 | @a7-5444-7548-4@dCNY19.80 | |
| 100 | @a20180527d2017 km y0chiy0120 ea | |
| 101 | 0 | @achi |
| 102 | @aCN@b310000 | |
| 200 | 1 | @a战国争雄@Azhan guo zheng xiong@f石莉选编@Fshi li xuan bian |
| 210 | @a上海@c上海教育出版社@d2017 | |
| 215 | @a143页@d20cm | |
| 606 | 0 | @a中国@x古代史@x封建社会 |
| 690 | @aK231.04@v4 | |
| 701 | 0 | @a石莉@Ashi li@4选编 |
| 801 | 0 | @aCN@b大连网信软件有限公司图书馆·11@c20180527 |
| 905 | @aMuseLib@dK231.04@e27 | |
| 战国争雄/石莉选编.-上海:上海教育出版社,2017 |
| 143页;20cm |
| ISBN 7-5444-7548-4:CNY19.80 |
| ● |
| 相关链接 |
|
|
|
|
正题名:战国争雄
索取号:K231.04/27
 
预约/预借
| 序号 | 登录号 | 条形码 | 馆藏地/架位号 | 状态 | 备注 |
| 1 | 1111898 | 211118985 | 第二样本阅览室/ [索取号:K231.04/27] | 在馆 | |
| 2 | 1111899 | 211118994 | 教育系资料室/ [索取号:K231.04/27] | 在馆 | |
| 3 | 1111900 | 211119001 | 教育系资料室/ [索取号:K231.04/27] | 在馆 | |
| 4 | 1111901 | 211119010 | 第二借阅区/ [索取号:K231.04/27] | 在馆 |